[Event "Leuven GCT rapid"]
[Site "Leuven"]
[Date "2016.06.17"]
[Round "1"]
[White "Vachier Lagrave, Maxime"]
[Black "Anand, Viswanathan"]
[Result "0-1"]
[WhiteElo "2789"]
[BlackElo "2770"]
[Annotator "Szabo,Kr"]
[PlyCount "72"]
[EventDate "2016.06.17"]
[EventType "tourn (rapid)"]
[EventRounds "9"]
[EventCountry "BEL"]
[EventCategory "22"]
[SourceTitle "CBM 173"]
[Source "ChessBase"]
[SourceDate "2016.07.12"]
[SourceVersion "1"]
[SourceVersionDate "2016.07.12"]
[SourceQuality "1"]

1. e4 e5 2. Nf3 Nc6 3. Bb5 Nf6 4. d3 Bc5 5. c3 O-O 6. O-O d6 7. Nbd2 Ne7 8. d4
exd4 9. cxd4 Bb6 10. Re1 {Nowadays this variation is very popular, some top
players play it with both colours.} Bg4 11. h3 ({On the same day, Vachier
played} 11. Qb3 {too,} Bh5 12. a4 Ba5 13. Bf1 Rb8 14. e5 Nfd5 15. Rd1 dxe5 16.
dxe5 c6 17. Nc4 Bc7 18. h3 {Vachier Lagrave-Kramnik, Leuven rapid 2016, with
an unusual structure.}) 11... Bh5 12. Qb3 ({Recently Anand played} 12. a4 {
with White,} a6 13. Bf1 Re8 14. a5 Ba7 15. Qb3 Nc6 16. d5 Nd4 17. Nxd4 Bxd4 18.
Qxb7 Nd7 $132 {Anand-Topalov, Moscow 2016, with a double-edged fight.}) 12...
d5 13. e5 Nd7 14. Qd1 Re8 $146 {The first new move in the game.} (14... f6 {
was played by Giri,} 15. e6 Nb8 16. Nb3 Qd6 17. g4 Bg6 18. Nh4 Nbc6 19. Bxc6
Qxc6 (19... Nxc6 20. Nf5 $36) 20. Bd2 Bc2 21. Qe2 {(Caruana-Giri, Moscow 2016)}
Qc4 {with a nearly equal position.}) 15. g4 {A brave and ambitious move, White
prepares for the kingside play by Nf1-g3.} ({Nevertheless the solid} 15. Nb3 {
was also possible.}) 15... Bg6 16. Nf1 c6 17. Bd3 (17. Ba4 $5) 17... f6 (17...
c5 $5 {was the another attempt to crush White's centre.}) 18. exf6 Nxf6 19. Ng3
Bxd3 20. Qxd3 Ng6 21. Rxe8+ (21. Bg5 $1 {was more accurate, because compared
to the text move, now Black's Q can't go to f7.}) 21... Qxe8 22. Bg5 Qf7 (22...
Ne4 $5 {was also an interesting option.}) 23. Re1 (23. Nf5 Ne4 {is similar to
the game.}) 23... Rf8 $1 {The R will be very useful on the f-file.} 24. Nf5 Ne4
25. Bh6 Qc7 $1 {The right reply, which even prepares a trap.} 26. Nxg7 $2 {
The decisive mistake, which misses a tactic and loses the game.} (26. Qb3 {
was correct,} Nxf2 27. Kxf2 gxh6 28. Nxh6+ Kh8 29. Nf5 c5 $1 $13 {with a
complicated position.}) 26... Nxf2 $1 {A great combination, which is the point
of Black's previous move.} 27. Kxf2 Qh2+ 28. Ke3 Qg2 $1 $19 {Another accurate
reply!} 29. Qe2 (29. Nf5 {also doesn't help, because of} Re8+ $19 {and mate
soon.}) 29... Rxf3+ $1 {This nice tactical move wins the Q.} 30. Qxf3 Bxd4+ 31.
Kxd4 Qxf3 32. Nf5 Qf2+ 33. Re3 Qxb2+ 34. Kc5 Qb6+ 35. Kd6 Qd8+ 36. Kc5 d4 {
What a wonderful victory by Anand especially in rapid chess!} 0-1

[Event "Leuven GCT rapid"]
[Site "Leuven"]
[Date "2016.06.17"]
[Round "5"]
[White "Topalov, Veselin"]
[Black "Anand, Viswanathan"]
[Result "0-1"]
[WhiteElo "2761"]
[BlackElo "2770"]
[PlyCount "86"]
[EventDate "2016.06.17"]
[EventType "tourn (rapid)"]
[EventRounds "9"]
[EventCountry "BEL"]
[EventCategory "22"]
[SourceTitle "CBM 173"]
[Source "ChessBase"]
[SourceDate "2016.07.12"]
[SourceVersion "1"]
[SourceVersionDate "2016.07.12"]
[SourceQuality "1"]

1. c4 e5 2. d3 Bb4+ 3. Nd2 Nf6 4. Ngf3 Nc6 5. a3 Bxd2+ 6. Bxd2 d5 7. cxd5 Qxd5
8. e4 Qd6 9. h3 O-O 10. Rc1 a5 11. Be2 Be6 12. Be3 Rfd8 13. O-O a4 14. Qc2 Bb3
15. Qc3 Ne8 16. Nd2 Be6 17. Rfd1 Ra6 18. Bc5 Nd4 19. Bxd4 exd4 20. Qc5 Rb6 21.
Qc2 Ra8 22. Rf1 Rb5 23. Nc4 Qc5 24. Qd1 Nd6 25. Nd2 Qb6 26. Bg4 Ba2 27. Re1
Rxb2 28. e5 Nb5 29. Nc4 Bxc4 30. Rxc4 Nc3 31. Qf3 Re8 32. Qf4 c5 33. e6 fxe6
34. Kh2 Qc6 35. Bf3 Qc8 36. Qd6 b6 37. Bg4 Qb8 38. Bxe6+ Kh8 39. Qxb8 Rxb8 40.
f4 Re8 41. Re5 g6 42. Bd7 Rxe5 43. fxe5 Kg7 0-1

[Event "Leuven GCT rapid"]
[Site "Leuven"]
[Date "2016.06.18"]
[Round "6"]
[White "Anand, Viswanathan"]
[Black "Giri, Anish"]
[Result "1-0"]
[WhiteElo "2770"]
[BlackElo "2782"]
[Annotator "Marin,M"]
[PlyCount "51"]
[EventDate "2016.06.17"]
[EventType "tourn (rapid)"]
[EventRounds "9"]
[EventCountry "BEL"]
[EventCategory "22"]
[SourceTitle "CBM 173"]
[Source "ChessBase"]
[SourceDate "2016.07.12"]
[SourceVersion "1"]
[SourceVersionDate "2016.07.12"]
[SourceQuality "1"]

1. e4 e5 2. Nf3 Nc6 3. Bc4 Bc5 4. O-O Nf6 ({Since in this game White will play
a2-a4, it is worth mentioning the following games with a slightly different
setup:} 4... d6 5. d3 Nf6 6. c3 a6 7. a4 Ba7 (7... O-O {Giri,A (2798)-Anand,V 
(2784) Zuerich 2016 [Marin,M] (0-1, 45)}) 8. Na3 {Anand,V (2762)-Aronian,L 
(2786) Moscow 2016 [Marin,M] (1-0, 67). As we can see a fortunate setup for
Anand and less so for Giri.}) 5. d3 O-O 6. c3 d6 7. Nbd2 a5 $5 {A relatively
new and unusual idea, since the pawn is supposed to advance only one step.} 8.
a4 ({Deviating from} 8. h3 {Karjakin,S (2769)-Tomashevsky,E (2728) Wijk aan
Zee 2016 [Marin,M] (1-0, 36)}) 8... Be6 {The simplest but not necessarily the
only good continuation, immediately neutralising the c4-bishop.} ({But Black
can also play more ambitiously with:} 8... Ba7 9. Bb3 (9. h3 Ne7 10. Re1 c6 11.
Nf1 Ng6 12. Ng3 Re8 13. Ba2 d5 $11 {Korneev,O (2572)-Basso,P (2429) Tortoreto
2015 (1/2-1/2, 26)}) 9... Nh5 10. Nc4 Qf6 {[%cal Gc8g4]} 11. Nfxe5 Nxe5 12.
Nxe5 Qxe5 13. d4 Qxe4 14. Qxh5 Be6 15. Ra3 c5 $11 {Speelman,J (2605)-Gulko,B 
(2600) Novi Sad 1990 (1/2-1/2, 23)}) ({In the comments to the previous game
with this line I suggested} 8... h6 9. Re1 Ne7 10. d4 exd4 11. cxd4 Bb4 {
[%csl Ga4]}) 9. Bxe6 fxe6 {For the time being the doubled pawns are not at all
weak. The e6-pawn defends d5 and f5 against the knight's intrusion while the
open f-file offers Black some counterplay,} 10. Nc4 Qe8 $5 $146 {A subtle
novelty anticipating Qb3, but also preparing ...Qf7 or ...Qh5.} (10... Ba7 11.
Re1 ({The critical move is} 11. Qb3 $5 {forcing Black to slightly misplace one
of his major pieces.}) 11... Ng4 12. Ne3 Nxe3 13. Bxe3 Bxe3 14. Rxe3 Qf6 15.
Qb3 {Schlingensiepen,C (2340)-Baumgartner,H (2300) Austria 1999 (1/2-1/2, 35)})
11. Be3 ({One possible point of Giri's movelty is that} 11. Qb3 {can be
answered with the flexible} Nd7 {when} 12. Qxb7 $2 Nb6 $19 {[%csl Gc6][%cal
Ga8a7] traps the queen.}) 11... Bxe3 12. Nxe3 b6 {Black can be satisfied with
the outcome of the opening, but the position is not as dull as it might seem.}
13. Re1 Rd8 14. Qe2 Qf7 {[%cal Gf6h5]} 15. Nd2 {A flexible display of the
knights, keeping White ready to react against most of Black's plans.} d5 {
[%csl Ge5] Black had no reasons to refrain from this active move, but play
tends to become more concrete now.} ({A neutral move such as} 15... h6 {
would leave White short of constructive plans.}) ({But if Black had ambitions
already,} 15... Nh5 {might have been a safer way of displaying them.}) 16. Nc2
{anticipating the positional threat ...d5-d4.} Rd7 ({The point is that after} 
16... d4 17. cxd4 {Black cannot keep the control of the d4-square with pieces:}
Nxd4 18. Nxd4 Rxd4 $2 19. Nf3 {[%csl Re5]}) 17. Nf3 {[%csl Ge5] Re-adjusting
the regrouping according to the new circumstances.} ({The idea carried out one
move later would hve been premature here:} 17. b4 $6 d4 18. b5 (18. cxd4 axb4)
18... dxc3 19. bxc6 cxd2 $15) 17... Re8 $6 {Aimed at playing solidly but in
fact offering White unexpected chances.} ({The best defence would as usual
have been the counter-attack:} 17... Nh5 $5 18. Ng5 (18. exd5 exd5 19. Nxe5 $2
Nxe5 20. Qxe5 Qxf2+ 21. Kh1 Nf4 22. Ne3 Nxd3 $19) 18... Qg6 19. Nh3 dxe4 20.
dxe4 Nf4 21. Nxf4 exf4 $11) 18. b4 $1 {Suddenly the threat b4-b5, undermining
the chronic weakness on e5 is very hard to meet.} Qh5 (18... dxe4 19. dxe4 Qh5
20. Qc4 $16) (18... axb4 $2 19. Nxb4 $1 Nxb4 20. Nxe5 $18) 19. exd5 Nxd5 (19...
exd5 20. b5 Nd8 21. Nxe5 Qxe2 22. Rxe2 Rde7 23. d4 $16 Nf7 24. f4) 20. b5 {
Not only forcing the main defender of the e5-pawn to retreat but also blocking
the queenside in a strategically favourable way for White.} Nd8 21. Qxe5 (21.
Nxe5 $5 Qxe2 22. Rxe2 Nxc3 23. Ree1 Rd6 24. Ne3 $14 {[%csl Gc7,Ge6]}) 21... Qg6
(21... Qxe5 22. Nxe5 $16 {[%csl Rc3,Gd7]}) 22. c4 {This will eventually yield
White a rapid win, but it is not the only good continuation and possibly not
the strongest.} (22. Rad1 $5 $14) (22. Qe4 Qxe4 23. Rxe4 Nxc3 24. Rc4 Nd5 25.
Ne5 Rd6 26. Ne3 $14) 22... Nf6 $2 {In vain accepting playing with a tempo down.
} ({After} 22... Qxd3 23. cxd5 Qxc2 $14 {White is more active and has the
better structure but the fight would be very much on.}) 23. Qb2 $1 {Defending
the d3-pawn indirectly in view of the fork on e5.} Nf7 24. d4 {The game is
basically over but Black's next move loses even more material.} e5 $2 25. dxe5
Nh5 26. e6 1-0

[Event "Sinquefield Cup 4th"]
[Site "Saint Louis"]
[Date "2016.08.07"]
[Round "3"]
[White "Anand, Viswanathan"]
[Black "Nakamura, Hikaru"]
[Result "1/2-1/2"]
[WhiteElo "2770"]
[BlackElo "2791"]
[Annotator "Moradiabadi,E"]
[PlyCount "59"]
[EventDate "2016.08.05"]
[EventType "tourn"]
[EventRounds "9"]
[EventCountry "USA"]
[EventCategory "22"]
[SourceTitle "CBM 174"]
[Source "ChessBase"]
[SourceDate "2016.09.13"]
[SourceVersion "1"]
[SourceVersionDate "2016.09.13"]
[SourceQuality "1"]
[TimeControl "40/7200:3600+30"]

1. e4 {(3s)} c5 {(18s) Thanks to their victories in the second round, both
players seem to be in a fighting mood. A Najdorf is a perfect choice for the
audience and chess fans.} 2. Nf3 {(9s)} d6 {(3s)} 3. d4 {(7s) even better
news! no sidelines with Bb5+.} cxd4 {(8s)} 4. Nxd4 {(6s)} Nf6 {(4s)} 5. Nc3 {
(7s)} a6 {5} 6. h3 {9 This move has gained a lot of attention in recent years.
Some of sicilian defence theoretician would convincingly argue that this move
may be even more dangerous than English attack ( similiar to the game between
Giri and MVL in the first round).} e5 {5} 7. Nde2 $5 {9 The most common move.
The idea of this move is to play g4 and transfer the knight to g3, which will
be an improvement of knight's position compared to English attack when the d4
knight ends up on unfavorable square of b3.} h5 {8 Again, the most common move.
Nakamura prevents g4.} 8. Nd5 $5 {7 An odd choice but not for Anand. He has
successfully employed this move against Topalov and MVL earlier this year.
Nakamura is surely prepared against this move.} (8. Bg5 {is the most common
move.} Be6 9. Bxf6 Qxf6 10. Nd5 Qd8 11. Qd3 g6 12. O-O-O Nd7 13. Kb1 Rc8 14.
Nec3 Rc5 15. Be2 b5 16. a3 $14 {1-0 (74) Anand,V (2803)-Topalov,V (2803)
London 2015}) 8... Nxd5 {9} 9. Qxd5 {11} Nc6 $5 {5 Nakamura does not follow
MVL's and Topalov's path. His confident reaction (he only spends a bit of time)
shows that he is prepared to face 'Anand's rich opening arsenal'.} (9... Nd7
10. Nc3 Nf6 {here Anand employed two different moves against Topalov and MVL
and in both cases the two top super-GMs failed to solve all of their opening
problems. Although, one has to consider that these games were played in rapid
and blitz time control.} 11. Qd3 (11. Qd1 Be6 12. Bg5 Be7 13. Bxf6 Bxf6 14. Be2
g6 15. O-O Rc8 16. Nd5 Bg5 17. c3 O-O 18. a4 Kg7 19. a5 h4 20. Ra4 Rc5 21. b4
Rc6 22. c4 Bf4 23. Ra3 Qg5 24. Nb6 f5 25. b5 axb5 26. cxb5 Rc1 27. Qxd6 Rxf1+
28. Bxf1 Bf7 29. a6 bxa6 30. bxa6 Rd8 31. Nd7 fxe4 32. a7 e3 33. a8=Q exf2+ 34.
Kh1 {1-0 (34) Anand,V (2770)-Topalov,V (2761) Leuven 2016}) 11... Be7 12. Bg5
Be6 13. O-O-O Qa5 14. a3 Rc8 15. Bxf6 Bxf6 16. Nd5 Qc5 17. Qe2 h4 18. Kb1 Bg5
19. g3 hxg3 20. fxg3 Bxd5 21. Rxd5 Qe3 22. Qxe3 Bxe3 23. Rxd6 Rd8 24. Rxd8+
Kxd8 25. Bc4 Ke7 26. h4 Rh6 27. g4 Rf6 28. g5 Rf2 29. Rh3 Bd2 30. a4 Rf4 31.
Bd5 b5 32. axb5 axb5 33. Ka2 f6 34. gxf6+ Kxf6 35. h5 Rf2 36. Rg3 Bg5 37. Rc3
Bf4 38. Kb3 Kg5 39. Rc7 Kh6 40. Bf7 Bc1 41. Rc6+ Rf6 42. Rxf6+ gxf6 43. c3 Kg5
44. Bg6 f5 45. exf5 e4 46. f6 Kxf6 47. Bxe4 b4 48. cxb4 Ke5 49. Bf3 Kd4 50. b5
Kc5 51. Bc6 {1-0 (51) Anand,V (2770)-Vachier Lagrave,M (2789) Leuven 2016}) 10.
Qd1 {38} (10. Nc3 $2 {is impossible due to} Nd4 $17) 10... Be6 {10} 11. Nc3 {36
} Ne7 $1 {5 This is Nakmaura's idea. He solves the 'd5' problem of although it
will cost him few tempi before he finishes his development.} 12. Bd3 {191} d5 {
615} 13. exd5 {25} Nxd5 {7} 14. O-O {7} Nb4 {882} ({My computer suggests:} 
14... Nxc3 15. bxc3 f5 {but this is too artifical for a human!}) 15. Qe2 {
1254 Now Vishy addresses the problem of e5 square which is due to lack of
enough development on black's side.} Qc7 {975} 16. f4 {662 A classic reaction
by Anand. Fortunately for Nakamura, he has enough resources to maintain
dynamic balance.} (16. Re1 Nxd3 17. cxd3 Rd8 18. Be3 Be7 19. Rad1 (19. Rac1 Qd6
) 19... h4 20. d4 exd4 21. Bxd4 O-O {and black is out of any danger.}) 16...
Bc5+ {528} 17. Kh1 {113} Nxd3 {8} 18. cxd3 {12} Bd4 {1} 19. f5 {496} Bd7 {419}
20. f6 {158} g6 {28} 21. Nd5 {155} Qd6 {12} 22. Ne7 {29 Black cannot castle
but there is no open file in the game which might let White cause any trouble
for Black's king. The bishop on d4 is nicely placed and it is only matter of
time for White's grip to peter out.} Rd8 {60} 23. a4 {963} Bc6 {584} 24. Be3 {
443 equivalent of a draw offer.} Bxe3 {451} 25. Nxc6 {67} bxc6 {9} 26. Qxe3 {7}
Qd4 {2} 27. Rae1 {257} Qxe3 {8} 28. Rxe3 {6} O-O {6} 29. Rxe5 {24} Rxd3 {2} 30.
Rc5 {13 A nice opening debate and a flawless draw!} 1/2-1/2

[Event "Moscow Tal Memorial 10th"]
[Site "Moscow"]
[Date "2016.09.27"]
[Round "2"]
[White "Anand, Viswanathan"]
[Black "Mamedyarov, Shakhriyar"]
[Result "1-0"]
[WhiteElo "2776"]
[BlackElo "2761"]
[Annotator "Pavlovic,M"]
[PlyCount "107"]
[EventDate "2016.09.26"]
[EventType "tourn"]
[EventRounds "9"]
[EventCountry "RUS"]
[EventCategory "21"]
[SourceTitle "CBM 175"]
[Source "ChessBase"]
[SourceDate "2016.11.10"]
[SourceVersion "1"]
[SourceVersionDate "2016.11.10"]
[SourceQuality "1"]

1. e4 e5 2. Nf3 Nc6 3. Bb5 a6 4. Ba4 Nf6 5. O-O Be7 6. Re1 b5 7. Bb3 d6 8. c3
O-O 9. h3 {The Classical Ruy Lopez is one of the most comprehensive openings
and it is not without reason that there is the famous saying that he who
understand the Ruy Lopez understands chess. Definitely all the great players
from the past and today have used it with either colour.} Bb7 10. d4 Re8 11.
Nbd2 exd4 $5 12. cxd4 Nd7 {From a known Zaitsev line we came to a Keres type
of Ruy Lopez line; this is an interesting transposition that has recently
caught on in high level tournaments.} 13. Nf1 Na5 14. Bc2 Bf6 15. Rb1 {A quiet
move, other ideas:} (15. Bf4 Nf8 16. Ng3 Ne6 17. Bd2 Nc4 18. Bc3 c5 19. e5 dxe5
20. dxe5 Be7 21. b3 b4 22. bxc4 Qxd1 23. Raxd1 Bxf3 24. gxf3 bxc3 {½-½ (32)
Motylev,A (2658)-Svidler,P (2739) Chita 2015, with enough counterplay.}) (15.
Ng3 g6 16. Bh6 Nc4 17. b3 Na3 18. Bd3 c5 19. Bf4 Nf8 20. e5 dxe5 21. dxe5 Bg7
22. Qe2 Ne6 23. Bc1 Nd4 $1 24. Nxd4 Rxe5 {½-½ (31) Kryvoruchko,Y (2708)
-Iordachescu,V (2589) Abu Dhabi 2014. Black is fine.}) 15... c5 16. d5 Nc4 17.
b3 Nce5 18. N3h2 {White let him move the knight from a5 to e5, but f4 is in
the air. We have reached a very sharp position.} Ng6 {The most popular move
among grandmasters.} (18... c4 19. Ne3 Qc7 20. Nf5 {leads to some less
explored territory in chess openings.}) 19. Ne3 (19. Be3 Bc3 20. Re2 Nf6 21.
Ng3 b4 22. f4 a5 23. Bd3 Ba6 24. a4 Qc8 25. Nhf1 h5 {0-1 (35) Djukic,N (2566)
-Neelotpal,D (2457) Skopje 2016. Black got serious chances to get the
initative.}) 19... Bc8 (19... Bc3 20. Bd2 Bxd2 21. Qxd2 Bc8 22. Nf5 Nb6 23. g4
Ra7 24. f4 b4 25. Bd3 a5 {0-1 (47) Macieja,B (2579)-Berczes,D (2495) Las Vegas
2015; with chances for both sides.}) 20. Bd2 b4 21. Nhg4 a5 {This seems like a
slow plan to me, but to be honest the alternative can also run into a problem;
let's see:} (21... Nde5 22. g3 $1 {Now we see Anand's clear idea when he opted
for 19.Ne3:} (22. Nxf6+ Qxf6 {looks ok for Black}) ({while:} 22. Nxe5 Bxe5 23.
Nc4 Qh4 24. Nxe5 Rxe5 25. Re3 f5 $1 {I think Black is ok here.}) 22... Nxg4 23.
hxg4 {Such a position is usually considered better for White.}) 22. Nxf6+ Qxf6
{The alternative is also possible, but somehow I prefer White's chances:} (
22... Nxf6 23. Nc4 Ba6 24. f4 $1 $36) 23. g3 $1 a4 {The idea is actually to
open a file before going for a sharp plan, but Anand is ready for it...} (23...
Nde5 24. f4 (24. Kg2 Nf3 $1 $17) 24... Nxf4 25. gxf4 Qxf4 26. Nf1 Qh4 27. Re3
Bxh3 28. Qe2 Bd7 29. Rg3 {Engines are more or less happy with Black's chances
here, but I am not.}) 24. bxa4 $1 (24. f4 axb3 25. axb3 Nb6 26. h4 h6 {This
would give an unclear position.}) 24... Nde5 25. f4 Nxf4 26. gxf4 Qxf4 27. Nf1
Qh4 28. Re3 Bxh3 29. Qe2 Qg4+ {This can't be criticised, although at first
sightt it may look as if Black can escape from the exchange of queens. But
this is not the case.} (29... Bg4 30. Qg2 Qf6 31. Nh2 $1 (31. Rg3 Nf3+ 32. Kh1
Re5 33. Qf2 Rh5+ 34. Kg2 Nh4+ 35. Kg1 Nf3+ {draw by perpetual}) 31... Bd7 32.
Rf1 Qe7 33. Rg3 Ng6 34. Nf3 Bxa4 35. Bd3 {White is better, as Ng5 in
combination with e4-e5 gives a dangerous attack.}) 30. Qxg4 Bxg4 31. a3 $1 Nf3+
(31... Nc4 32. axb4 Nxe3 33. Nxe3 Bf3 34. bxc5 dxc5 35. a5 Bxe4 36. Rc1 {
White looks better here.}) 32. Kf2 Nd4 33. Rb2 bxa3 34. Rxa3 Nxc2 35. Rxc2 Rxe4
36. a5 {A piece up after an interesting sequence of moves, White has the
better chances. The pawn on a5 is of course a real asset.} Bc8 37. Re3 Rf4+ 38.
Rf3 Re4 39. Rb2 Ba6 40. Bc3 {After the time control now with Ng3 to come White
is clearly better.} h5 41. Ng3 Rh4 42. Rb6 Rh2+ 43. Kg1 Rc2 44. Nf5 Bc4 45. Re3
$1 {Anand is winning now .} Kh7 46. Rxd6 Rb8 47. Rb6 Rxb6 48. axb6 Bxd5 49.
Nxg7 Rg2+ 50. Kf1 Rg6 51. Nxh5 Bc4+ 52. Kf2 Rxb6 53. Nf6+ Kh6 54. Rg3 1-0